Emerging infectious diseases in india (Record no. 156583)
[ view plain ]
| 000 -LEADER | |
|---|---|
| fixed length control field | 01852nam a2200337 a 4500 |
| 082 04 - DEWEY DECIMAL CLASSIFICATION NUMBER | |
| Classification number | 362.196/90954 |
| 100 0# - MAIN ENTRY--AUTHOR NAME | |
| Personal name | Viroj Wiwanitkit. |
| 245 10 - TITLE STATEMENT | |
| Title | Emerging infectious diseases in india |
| 260 ## - PUBLICATION, DISTRIBUTION, ETC. (IMPRINT) | |
| Place of publication | Hauppauge, N.Y. : |
| Name of publisher | Nova Science Publishers, |
| Year of publication | c2009. |
| 300 ## - PHYSICAL DESCRIPTION | |
| Number of Pages | xii, 223 p. |
| 505 0# - FORMATTED CONTENTS NOTE | |
| Formatted contents note | India : a model for health in developing world -- Leptospirosis in India -- Indian malaria -- Leishmaniasis in India -- Dengue virus infection in India -- Chikungunya fever in India -- Japanese encephalitis in india -- Gastrointestinal infectious disease in India -- Emerging hepatitis in India -- Tuberculosis in India -- A study of anal and perianal tubercular infection -- Cutaneous tuberculosis : a review -- Suppurative lesions complicating chronic anal fissures -- Bird flu in India -- Scrub typhus in india -- Buffalopox in India -- HIV and related emerging infections in india. |
| 650 #0 - SUBJECT ADDED ENTRY--TOPICAL TERM | |
| Topical Term | Emerging infectious diseases |
| 700 1# - ADDED ENTRY--PERSONAL NAME | |
| Personal name | Singh, Mohen Y. |
| 856 40 - ELECTRONIC LOCATION AND ACCESS | |
| Uniform Resource Identifier | http://site.ebrary.com/lib/rucke/Doc?id=10680946 |
No items available.
